Islamist opposition in authoritarian regimes (Record no. 148863)
[ view plain ]
| 000 -LEADER | |
|---|---|
| fixed length control field | 03299nam a2200421 a 4500 |
| 082 04 - DEWEY DECIMAL CLASSIFICATION NUMBER | |
| Classification number | 324.264/082 |
| 100 1# - MAIN ENTRY--AUTHOR NAME | |
| Personal name | Wegner, Eva. |
| 245 10 - TITLE STATEMENT | |
| Title | Islamist opposition in authoritarian regimes |
| 250 ## - EDITION STATEMENT | |
| Edition statement | 1st ed. |
| 260 ## - PUBLICATION, DISTRIBUTION, ETC. (IMPRINT) | |
| Place of publication | Syracuse, N.Y. : |
| Name of publisher | Syracuse University Press, |
| Year of publication | 2011. |
| 300 ## - PHYSICAL DESCRIPTION | |
| Number of Pages | xlv, 180 p. : |
| Other physical details | ill. |
| 490 1# - SERIES STATEMENT | |
| Series statement | Religion and politics |
| 505 0# - FORMATTED CONTENTS NOTE | |
| Formatted contents note | Political institutions, political parties, and the Islamist movement in Morocco -- Party institutionalization and emancipation from the Islamist movement -- The regime game -- Elections and parliament -- Comparing Islamist strategies in Jordan and Morocco. |
| 520 ## - SUMMARY, ETC. | |
| Summary, etc | What electoral mobilization choices do Islamist opposition parties make? How do they relate to authoritarian incumbents? Which key factors influence the choices these parties make? Islamist Opposition in Authoritarian Regimes explores the answers to these questions by studying the path of the Islamist Party of Justice and Development (PJD) in Morocco from 1992 to 2007. Wegner traces the party's choices through an analysis of organizational, ideological, and institutional constraints. Adopting a simple but novel perspective, Wegner distinguishes Islamist parties from other opposition parties because of their connection to a powerful social movement. The author shows how the PJD initially made major progress in electoral politics by building up a strong party organization, sustaining full support of the Islamist movement, and positioning itself as the only credible opposition party. Ultimately, the failure of the PJD to win elections was due to political concessions it made to secure its legality combined with a distancing from the Islamist movement. Based on extensive field research in Morocco in 2003 and 2007 and drawing upon personal interviews with members, candidates, and leaders of the PJD, Islamist Opposition in Authoritarian Regimes presents a meticulous and enlightening case study. Wegner enriches our understanding of electoral authoritarianism in Morocco and throughout the Arab- Islamic world. -- Book jacket. |
| 650 #0 - SUBJECT ADDED ENTRY--TOPICAL TERM | |
| Topical Term | Political parties |
| Topical Term | Islam and politics |
| 856 40 - ELECTRONIC LOCATION AND ACCESS | |
| Uniform Resource Identifier | http://site.ebrary.com/lib/rucke/Doc?id=10534240 |
No items available.
